| 000 | 00375pab a2200145 454500 | ||
|---|---|---|---|
| 008 | 180718b xxu||||| |||| 00| 0 eng d | ||
| 100 | _aSham Lal | ||
| 245 | _aMedia in a changing society | ||
| 362 | _a32(43), 10 Sep 1994, p.31-32 | ||
| 650 | _a Publicity -- India | ||
| 650 | _a Journalism -- India | ||
| 650 | _aMass Media -- India | ||
| 773 | _aMainstream | ||
| 909 | _a27942 | ||
| 999 |
_c27942 _d27942 |
||